000 00692nam a2200265Ia 4500
003 OSt
005 20221007081721.0
006 a|||||r|||| 00| 0
007 ta
008 221006b |||||||| |||| 00| 0 eng d
020 _a0 19 876310 7
024 _a6,285
037 _cTextual
040 _aFLL
_cFLL
_beng
041 _2eng
_aeng
082 _aZ3,9298, N7
100 _aWade William Au.
_9697820
245 0 _aAdministrative law
250 _a7th
260 _aOxford
_bOxford press London
_c1997
300 _alxxxi,1039p
_ccm.
650 _aAdministrative law
_9681514
942 _hZ3,9298, N7
_cTEXL
_2CC
999 _c1164056
_d1164056